000 01319cam a2200289 i 4500
003 SA-RiAUC
005 20250326140046.0
008 250320s1994 su g b 000r0 ara c
040 _aSA-RiAUC
_bara
_cSA-RiAUC
_erda
082 0 4 _a253.4
_qSA-RiAUC
090 _a253.4
_bم ت ر
100 1 _aالمترك، عمر بن عبد العزيز،
_d1351-1405 هجري
_eمؤلف.
245 1 2 _aالربا والمعاملات المصرفية فى نظر الشريعة الإسلامية /
_cتأليف عمر بن عبد العزيز المترك ؛ اعتنى بإخراجه وترجمه لمؤلفه بكر بن عبد الله أبو زيد.
250 _aالطبعة الأولى.
264 1 _aالرياض :
_bدار العاصمة،
_c1994
300 _a478 صفحة ؛
_c24 سم
336 _aنص
_btxt
_2rdacontent
_3كتاب
337 _aبدون وسيط
_bn
_2rdamedia
338 _aمجلد
_bnc
_2rdacarrier
504 _aببليوجرافية : صفحة 457-471.
650 7 _aالربا (فقه إسلامي)
_2aucsh
650 7 _aالبنوك الإسلامية
_2aucsh
650 7 _aالمعاملات (فقه إسلامي)
_2aucsh
700 1 _aأبو زيد، بكر بن عبد الله،
_d1365-1429 هجري
_eمراجع.
942 _2ddc
_cBOOK
_n0
949 _aSA-JeALM
_d250320
_uosman123
_n1
999 _c6663
_d6663